000 00468nam a2200181Ia 4500
001 16701
005 20260306170330.0
008 260306t1967||||xx |||||||||||||| ||und||
041 _aESP
082 _a349.6
_bG23
100 _aGarcía-Granero Fernández, Juan
_eAUT
245 0 _aRecopilación privada del derecho privado foral de Navarra
260 _c1967
300 _a173 páginas :
_c22 cm.
650 _aGEN
654 _aCDE
942 _cLIB
_dJUS
_fJUS
_2ddc
_n
999 _c16701
_d16701